جراتوں کے نشان (Record no. 553795)

000 -LEADER
fixed length control field 00335nam a22001217a 4500
082 ## - DEWEY DECIMAL CLASSIFICATION NUMBER
Classification number 355.00925491
Author Mark SAE
-- L-30-II, P-113
100 ## - MAIN ENTRY--PERSONAL NAME
Personal name Saeed Rasheed
9 (RLIN) 51052
245 ## - TITLE STATEMENT
Title جراتوں کے نشان
260 ## - PUBLICATION, DISTRIBUTION, ETC.
Place of publication, distribution, etc. Jehlum,
Name of publisher, distributor, etc. Book Corner,
Date of publication, distribution, etc. 1982.
300 ## - PHYSICAL DESCRIPTION
Extent 698p.
Dimensions 22cm.
526 ## - STUDY PROGRAM INFORMATION NOTE
Program name 0
Interest level 0
Reading level 0
Title point value 355_009254910000000_SAE
942 ## - ADDED ENTRY ELEMENTS (KOHA)
Source of classification or shelving scheme
Koha item type Book
Holdings
Withdrawn status Lost status Source of classification or shelving scheme Damaged status Not for loan Permanent Location Current Location Date acquired Total Checkouts Full call number Barcode Date last seen Price effective from Koha item type
          Military College of Engineering (MCE) Military College of Engineering (MCE) 03/21/2017   355.00925491 SAE MCE-11610 03/21/2017 03/21/2017 Book
© 2023 Central Library, National University of Sciences and Technology. All Rights Reserved.